Elementary statistics : picturing the world

Αποθηκεύτηκε σε:
Λεπτομέρειες βιβλιογραφικής εγγραφής
Κύριος συγγραφέας: Larson, Ron 1941-
Άλλοι συγγραφείς: Farber, Elizabeth
Μορφή: Βιβλίο
Γλώσσα:English
Δημοσίευση: Upper Saddle River, NJ : Pearson Prentice Hall, c2006
Έκδοση:3rd ed.
Θέματα:
Ετικέτες: Προσθήκη ετικέτας
Δεν υπάρχουν, Καταχωρήστε ετικέτα πρώτοι!

MARC

LEADER 00000nam a2200000 i 4500
001 1/92205
008 080822s2006 eng d
020 |a 978-0-13-148316-1 (cd-rom) 
020 |a 0-13-148316-1 
020 |a 0-13-148324-2 
035 |l 10099531 
040 |a GR-MY-UA  |b gre  |e aacr 
041 0 |a eng 
082 0 |a 519.5  |2 (22) 
100 1 |a Larson, Ron  |d 1941- 
245 1 0 |a Elementary statistics :  |b picturing the world /  |c Ron Larson, Betsy Farber 
250 |a 3rd ed. 
260 |a Upper Saddle River, NJ :   |b Pearson Prentice Hall,   |c c2006 
300 |a xxvii, 615, [92] σ. φύλλα πινάκων;  |b εικ. (μερ. έγχρ.);  |c 28 εκ.+  |e 1 οπτική δισκέτα λέϊζερ Η/Υ (4 3/4 ίν.) 
504 |a περιέχει ευρετήριο 
650 0 0 |a Statistics  |x Textbooks. 
700 1 |a Farber, Elizabeth. 
852 |a INST  |b LESVOS  |e 20080822  |h 519.5 LAR  |p 005100042124  |q 005100042124  |t BK  |y 0 
852 |a INST  |b LESVOS  |e 20080822  |h 519.5 LAR   |p 005100042123  |q 005100042123  |t BK  |y 0 
901 |a BIBL1-2008-2 
909 |a Λ  |b 145432 
909 |a Λ  |b 145433 
922 |a 1ΕΛΗ  |b 200801  |c ΕΠΕΑΕΚ2/ΤΠ  |d ΠΑΠΑΣΩΤΗΡΙΟΥ 
970 |a ΓΙΑΛΑΜΑ  |b ΜΑΡΙΑ  |z 2008/08/22